000 00519nam a2200217Ia 4500
005 20250718145508.0
008 008 250715s9999 xx 000 0 eng d
020 _a9780141034539 (Pbk)
037 _aTextual
040 _aFLL
_cFLL
041 _aeng
_2eng
084 _aZ,91, Q0
_qFLL
100 _aBINGHAM Tom
_9816027
245 4 _aThe rule of law
250 _a1st.
260 _bU.K Penguin Books
_c2011
300 _aix, 213 ill
365 _b699
942 _cTEXL
999 _c1433909
_d1433909